Countries with the Highest Median Age - Statistics

General Stats
  • This quiz has been taken 226 times
  • The average score is 15 of 20
Answer Stats
Age Country % Correct
46.1 Japan
96%
44.5 Italy
87%
46.1 Germany
85%
41.6 Spain
81%
41.7 Canada
79%
51.1 Monaco
78%
42.0 Switzerland
78%
44.3 Austria
76%
43.5 Greece
76%
43.4 Finland
75%
42.4 Liechtenstein
75%
43.1 Belgium
74%
41.6 Denmark
73%
42.1 Netherlands
73%
42.4 Andorra
72%
43.6 San Marino
71%
43.5 Slovenia
67%
42.1 Croatia
62%
41.9 Serbia
59%
42.6 Bulgaria
49%
No matching quizzes found
Score Distribution
Percent of People with Each Score
Percentile by Number Answered
Your Score History
You have not taken this quiz